000 01398nac a22003131u 4500
008 090527t xxu||||| |||| 00| 0 eng d
020 _a0849396476 (set)
020 _a 9780849382437 (Fundamentals of metallic corrosion)
020 _a9780849382475 (Corrosion of linings and coatings)
020 _a9780849382451 (Corrosion of polymers and elastomers)
082 _a620.11223
_bCOR
100 _a20080729
_95418
245 _aCorrosion engineering handbook /
_cPhilip A Schweitzer
250 _a2nd ed.
260 _aBoca Raton, Fla. ; London :
_bCRC, c2007.
_c2007
300 _a3 v. :
_b ill. ;
_c 25 cm.
500 _aIn slip case.
500 _adistributer: Al-Ahram
500 _aContents: Fundamentals of metallic corrosion : atmospheric and media corrosion of metals -- Corrosion of linings and coatings : cathodic and inhibitor protection and corrosion monitoring -- Corrosion of polymers and elastomers
504 _a Includes bibliographical references and indexes
511 _acatalogued by: wessam
650 _aCorrosion and anti-corrosives.
_95419
650 _aPlastics
_x Corrosion.
_95420
700 _aSchweitzer, Philip A.
_95421
942 _cBB
_k620.11223COR
_2ddc
999 _c8536
_d8536